LEADER 00824nam a2200181 i 4500 001 000000012340 003 CaOOAMICUS 005 20180830125441.0 008 180830s1922 gw u000 u und u 040 $aSeMil$bita 100 1 $aHedin, Sven.$0(OLS)http://semarc/name/5896 245 10$aZu land nach Indien :$bdurch Persien, Seistan, Belutschistan /$cvon Sven Hedin. 260 $aLeípzíg ; Brodhous :$bDrítte Auflage,$c1922. 300 $a2 v., mit 308 Abbildungen nach photographifchen Aufnahmen, Aquarellen und Zeichnungen ecc.. ;$c24 cm. 774 0 $aHedin, Sven$tVol. 1.$w()36597 774 0 $aHedin, Sven$tVol. 2.$w()130458 996 $6245$aZu land nach Indien :$bdurch Persien, Seistan, Belutschistan$9(OLS)http://semarc/title/16382 996 $6260$aLeípzíg ; Brodhous :$bDrítte Auflage$9(OLS)http://semarc/publisher/33398 LEADER 01066nam a2200277 i 4500 001 000000196455 003 CaOOAMICUS 005 20140721000000.0 008 140721s1938 it u000 u ita u 013 $a175137 040 $aSeMil$bita 100 1 $aMauriac, François,$d<1885-1970>.$0(OLS)http://semarc/name/8852 245 13$aIl fanciullo incatenato :$bromanzo /$cdi François Mauriac. 260 $aMilano :$bCorbaccio,$cstampa 1938. 300 $a178 p. ;$c18 cm. 490 0 $aI corvi ;$v82 490 0 $aI Corvi. Sezione scarlatta ;$v34 500 $aFondo card. Giovanni Colombo. 830 2$aI corvi ;$v82.$0(OLS)http://semarc/title/12990 830 2$aI corvi. Sez. scarlatta ;$v34.$0(OLS)http://semarc/title/24825 850 $aSeMil 852 $aSeMil$W1$xVenegono$y1$m3GC II 118$j147018$B147018$CSeMilBibl$Z2$F158625 $8B 941 1 $a3 961 $aLascito: Colombo Card. Giovanni 996 $6245$aIl fanciullo incatenato :$bromanzo$9(OLS)http://semarc/title/283645 996 $6260$aMilano :$bCorbaccio$9(OLS)http://semarc/publisher/31394